000
00361nam a2200121Ia 4500
008
200619s9999 xx 000 0 und d
100
_a
Shashi Maurya
245
0
_a
Mahila Virudha Himsha ka Mamale Sulajate Mahila Sanda
264
_a
Madhya Pradesh
_b
Shashi Maurya
_c
2010
300
_a
30
942
_c
IR
999
_c
120396
_d
120396